[Event "Burnaby Open"]
[Site "?"]
[Date "1970.06.06"]
[Round "1"]
[White "Murray, M."]
[Black "Bailey, B."]
[Result "1/2-1/2"]
[WhiteElo "2103"]
[BlackElo "1755"]
[Annotator "Stockfish 13 (15s)"]
[PlyCount "47"]
[EventDate "1970.??.??"]

{C28: Vienna Game: 2...Nf6 3 Bc4 Nc6} 1. e4 e5 2. Bc4 Nc6 3. Nc3 Nf6 4. d3 Na5
5. Nf3 Nxc4 6. dxc4 d6 7. Qd3 Be7 (7... Bg4 8. h3 Bxf3 9. Qxf3 Be7 10. Be3 c6
11. O-O-O Qa5 12. Rd3 O-O 13. Bg5 Qb4 14. b3 h6 15. Bd2 Qb6 16. Kb1 a5 17. g4
Nd7 18. g5 hxg5 19. h4 gxh4 20. Rg1 Rfd8 21. Qg4 g6 22. Rf3 {
Saric,I (2299)-Semenov,A (2305) Yugoslavia 2000 1-0}) 8. h3 Bd7 9. Be3 a6 10.
O-O-O $146 (10. a4 O-O 11. g4 Bc6 12. Nd2 Qd7 13. f3 b5 14. axb5 axb5 15. Kf2
bxc4 16. Nxc4 Bb5 17. b3 Qc6 18. Nxb5 Qxb5 19. Nb2 {
1/2-1/2 (19) Lundquist,R (2280)-Schlag,F Bad Wildbad 1993}) (10. O-O h6 $11)
10... Be6 11. g4 Qd7 (11... O-O 12. Qe2 Nd7 13. c5 $11) 12. Kb1 (12. g5 Nh5 13.
Qe2 $14) 12... O-O-O (12... b5 $5 13. Nd2 O-O $11) 13. Ng5 (13. b4 h6 $16)
13... h6 (13... Kb8 14. Ka1 $14) 14. Nxe6 (14. Nf3 $5 $16) 14... fxe6 $14 15.
Rd2 (15. a3 Qc6 $14) 15... g5 16. Rhd1 Qc6 17. Ka1 Nd7 18. b4 Nb6 19. Bxb6 Qxb6
20. b5 (20. a3 $142 $5 $11) 20... Rhf8 $17 21. bxa6 bxa6 (21... Qxa6 $142 22.
f3 Rf7 $17) 22. c5 $4 (22. f3 $142 $15) 22... dxc5 $19 23. Qc4 Rd4 24. Rxd4
1/2-1/2

[Event "Burnaby Open"]
[Site "?"]
[Date "1970.06.06"]
[Round "2"]
[White "Bailey, B."]
[Black "Pakosta, S."]
[Result "0-1"]
[WhiteElo "1755"]
[BlackElo "2175"]
[Annotator "Stockfish 13 (15s)"]
[PlyCount "88"]
[EventDate "1970.??.??"]

{C64: Ruy Lopez: Classical Defence (3...Bc5) except 4 0-0 Nf6} 1. e4 e5 2. Nf3
Nc6 3. Bb5 Bc5 4. O-O Qf6 5. c3 Nge7 6. d3 h6 7. Nbd2 O-O 8. Nb3 Bb6 9. d4 d6
10. h3 Ng6 $4 $146 (10... Qg6 11. d5 (11. Qd3 f5 12. Nh4 Qf6 13. Nxf5 Bxf5 14.
exf5 exd4 15. g4 dxc3 16. bxc3 Ne5 17. Qg3 c6 18. Be2 Rfe8 19. Bb2 g6 20. Kh1
gxf5 21. gxf5+ Kh7 22. f4 Nxf5 23. Qh2 Ng6 24. Bh5 Rg8 25. Rae1 Qh4 {
Markiewicz,M (1800)-Tadych,A (1900) Przysiek 2005 0-1 (33)}) 11... Na5 12. Nxa5
Bxa5 13. Qd3 a6 14. Ba4 f5 15. Bc2 fxe4 16. Qxe4 Bf5 17. Qh4 Nxd5 18. Qc4 Bxc2
19. Qxd5+ Kh8 20. Nxe5 dxe5 21. Qxa5 Be4 22. a3 Qf5 23. Qb4 Qf3 {
0-1 (23) Steinhauser,A-Ptacek,J Frymburk 2000}) (10... g5 11. dxe5 dxe5 12. Nh2
Qg6 13. Qf3 Nd8 14. Nd2 c6 15. Be2 Ne6 16. Nc4 Bc7 17. Be3 b6 18. Qh5 Nf4 19.
Bxf4 gxf4 20. Qxg6+ Nxg6 21. Rfd1 Be6 22. b3 Rad8 23. Na3 Rxd1+ 24. Rxd1 Rd8
25. Rxd8+ {De Souza,E-Rogers,C (2010) Biel 1991 1/2-1/2 (58)}) (10... Qg6 $142
11. Kh1 exd4 $17 (11... Qxe4 $2 12. Bd3 Qd5 13. c4 $18)) 11. Be3 $11 Nce7 (
11... a6 12. Ba4 $11) 12. Nh2 (12. Re1 $142 $5 $14) 12... Nf4 13. Bxf4 (13. Re1
Qg5 14. Qf3 Neg6 $11) 13... Qxf4 $17 (13... exf4 $143 14. a4 a6 15. Bc4 $14)
14. Qf3 Qg5 15. Rad1 $2 (15. Qe3 $5 Qg6 16. Rfe1 $17) 15... Ng6 (15... exd4
$142 $5 16. a4 a6 $19) 16. Bc4 Nf4 (16... Bd7 17. Rfe1 $17) 17. Kh1 Be6 (17...
Kh8 18. a4 a5 19. dxe5 dxe5 20. Rfe1 $17) 18. Bxe6 $15 fxe6 (18... Nxe6 19. d5
Nc5 20. Nxc5 Bxc5 21. g4 $11) 19. Qg4 (19. h4 Qg6 (19... Qxh4 $2 20. g3 Qg5 21.
gxf4 Rxf4 22. Qh3 $18) 20. g3 Nh5 $11) 19... Qxg4 $15 20. Nxg4 exd4 21. Nxd4 h5
22. Nh2 (22. Ne3 e5 23. Ndc2 h4 $11) 22... Rf6 23. Rd2 Raf8 (23... e5 $142 24.
Ndf3 Ne6 $15) 24. Nhf3 $2 (24. Ndf3 $142 $15) 24... e5 $19 25. Ne2 $2 (25. Nf5
g6 26. N5h4 $19) 25... Nxh3 26. Neg1 (26. Ng3 Nf4 27. Kh2 Ne6 $19) 26... Nf4 (
26... Nxg1 $142 27. Kxg1 g5 28. Nh2 $19) 27. Ng5 g6 (27... Ne6 $5 28. Nxe6 Rxe6
29. Nf3 $19) 28. N1f3 (28. b4 Ne6 29. Nxe6 Rxe6 $19) 28... Kg7 29. Kh2 Kh6 30.
a3 $2 (30. g3 Ne6 31. Nxe6 Rxe6 32. Kg2 $19) 30... Ne6 31. Nxe6 Rxe6 32. Ne1 (
32. b4 Ref6 33. a4 a5 $19) 32... g5 (32... Ref6 33. f3 g5 34. b4 $19) 33. f3 (
33. a4 Ref6 34. Nd3 a5 $19) 33... g4 34. Rd3 (34. b4 Ref6 35. a4 a6 $19) 34...
Ref6 35. Kg3 (35. g3 $19) 35... Kg5 (35... Rf4 $142 36. Rh1 $19) 36. Rh1 a5 37.
Rf1 (37. b4 a4 $19) 37... a4 (37... h4+ 38. Kh2 a4 39. Rd5 $19) 38. Kh2 (38.
Rh1 Rh8 $19) 38... h4 39. Kh1 (39. Rd2 Be3 40. Re2 Bf4+ 41. Kg1 g3 $19) 39...
Bc5 (39... g3 $142 40. Rd1 $19) 40. Rd1 h3 41. gxh3 (41. Kh2 hxg2 42. Kxg2
gxf3+ 43. Nxf3+ Kf4 44. Nd2+ Ke3 45. Nc4+ Kxe4 46. Rfe1+ Kf5 47. Rf1+ Ke4 48.
Rfe1+ Kf5 49. Rf1+ Ke6 50. Rxf6+ Rxf6 $19) 41... gxf3 42. Rd3 (42. Nd3 Ba7 43.
c4 Kh4 $19) 42... f2 43. Ng2 Rf3 44. Rxf3 Rxf3 (44... Rxf3 45. Kh2 c6 $19) 0-1

[Event "Burnaby Open"]
[Site "?"]
[Date "1970.06.06"]
[Round "3"]
[White "Bailey, B."]
[Black "Ratkai, I."]
[Result "1-0"]
[WhiteElo "1755"]
[BlackElo "1967"]
[Annotator "Stockfish 14 (15s)"]
[PlyCount "93"]
[EventDate "1970.??.??"]

{B72: Sicilian Dragon: 6 Be3, lines with h3+Bc4 and sidelines} 1. e4 c5 2. Nf3
d6 3. d4 cxd4 4. Nxd4 Nf6 5. Nc3 Nc6 6. Bb5 Bd7 7. O-O g6 8. Be3 Bg7 9. h3 O-O
10. Qd2 Ne5 (10... a6 11. Be2 (11. Bd3 b5 12. Nce2 Qc7 13. Nf3 Rfe8 14. Ng3 Na5
15. b3 Nb7 16. Rac1 Nc5 17. Rfe1 a5 18. a3 Qb7 19. Bxc5 dxc5 20. c4 bxc4 21.
Bxc4 Bb5 22. Bxb5 Qxb5 23. Qe3 Rac8 24. Rc3 Nd7 25. e5 Nb6 {
Rigolot,M (2126)-Desanlis,A (1842) Mulhouse 2005 0-1 (59)}) 11... b5 12. f3 Re8
13. Nxc6 Bxc6 14. Bd4 Rc8 15. Rfd1 Qc7 16. a3 Qb7 17. Qe1 e5 18. Be3 d5 19.
exd5 Nxd5 20. Nxd5 Bxd5 21. c3 e4 22. f4 Bb3 23. Rd6 Rcd8 24. Rb6 Qc8 25. Qf2 {
Huba,M (2170)-Dovzik,J (2405) Tatranska Lomnica 1997 0-1 (44)}) 11. Be2 Rc8 12.
f4 $146 (12. Rad1 Nc4 13. Bxc4 Rxc4 14. Qd3 Qc7 15. Ndb5 Bxb5 16. Nxb5 Qc6 17.
Nxa7 Qxe4 18. f3 Qxd3 19. Rxd3 Rxc2 20. Rf2 Rxf2 21. Kxf2 Nd7 22. Rb3 b6 23.
Nc6 Ra8 24. a3 Kf8 25. Rb5 Rc8 26. Nd4 Rc4 {
Kroencke,M-Poulios,P Dortmund 1989 1-0 (52)}) (12. a4 Nc4 13. Bxc4 Rxc4 $14)
12... Nc4 $11 13. Bxc4 Rxc4 14. b3 (14. Qd3 Qc7 $11) 14... Rc8 $15 15. Rac1 (
15. Rad1 Qa5 16. Nd5 Qxd2 17. Nxe7+ (17. Bxd2 $4 Nxd5 18. Nf3 Nc3 $19) 17...
Kh8 18. Bxd2 $15 (18. Rxd2 $4 Rce8 $19)) 15... Ne8 (15... Re8 $5 16. Nde2 Bc6
$17) 16. Nce2 (16. Rcd1 a6 $11) 16... e5 17. Nf3 Qc7 (17... Nf6 $5 18. Ng3 exf4
19. Bxf4 Bc6 $11) 18. c4 $16 b6 (18... Bc6 19. Nc3 Nf6 20. fxe5 dxe5 21. Nd5
$16) 19. fxe5 dxe5 20. Bh6 (20. Nc3 Bc6 21. Nd5 Qd7 $14) 20... Nf6 (20... Bc6
21. Nc3 $11) 21. Bxg7 Kxg7 22. Ng3 (22. Nc3 $5 $16) 22... Qc5+ 23. Kh2 Rfe8 (
23... h6 24. Rf2 $11) 24. Nh4 (24. Ne1 $142 Bc6 25. Nd3 $14) 24... Be6 $4 (
24... Qe7 $142 $5 $11) 25. Qg5 (25. Nhf5+ $142 Kh8 26. Nd6 $18) 25... Nd7 $4 (
25... Ng8 $142 26. Nf3 h6 27. Qxe5+ Qxe5 28. Nxe5 h5 $14) 26. Rcd1 $18 Qf8 27.
Nhf5+ Kh8 28. Nd6 h6 29. Qe3 (29. Qh4 Rcd8 30. Nxe8 Rxe8 $18) 29... Nc5 (29...
Rcd8 30. Nxe8 Rxe8 31. Rf2 $18) 30. Nxe8 (30. b4 $142 Na6 31. Qa3 Nxb4 32. Qxb4
Bxc4 $18) 30... Rxe8 31. Rf2 Kg7 (31... Kh7 32. Ne2 f5 33. exf5 gxf5 34. Nc3
$18) 32. Rfd2 Qe7 33. Ne2 Qh4 34. Nc3 g5 (34... Rc8 35. Rd6 $18) 35. Qg3 Qf4 (
35... Qxg3+ 36. Kxg3 Nb7 37. Nb5 $18) 36. Rf2 (36. Rd8 $5 Rf8 $18) 36... Qxg3+
37. Kxg3 Bc8 (37... Rc8 38. Kf3 Nb7 39. Nd5 $18) 38. Kf3 Bb7 (38... h5 39. Ke3
$18) 39. Ke3 Ne6 (39... Bc8 $18) 40. Rd7 Nc5 41. Rfxf7+ Kg8 42. Rg7+ Kh8 43.
Rh7+ Kg8 44. Rxb7 Nxb7 45. Rxb7 Ra8 46. Nd5 Kf8 47. Nf6 1-0

[Event "Burnaby Open"]
[Site "?"]
[Date "1970.06.07"]
[Round "4"]
[White "Woldmo, A."]
[Black "Bailey, B."]
[Result "0-1"]
[WhiteElo "1674"]
[BlackElo "1755"]
[Annotator "Stockfish 13 (15s)"]
[PlyCount "92"]
[EventDate "1970.??.??"]

{C71: Ruy Lopez: Deferred Steinitz Variation, sidelines} 1. e4 e5 2. Nf3 Nc6 3.
Bb5 a6 4. Ba4 d6 5. a3 (5. Qe2 Bd7 6. c3 (6. O-O Nge7 7. c3 g6 8. Rd1 Bg7 9. d3
O-O 10. Nbd2 Kh8 11. Nf1 f5 12. Bb3 h6 13. Ne3 fxe4 14. dxe4 b5 15. h3 Na5 16.
Bc2 Be6 17. b3 Qe8 18. Nd5 Rc8 19. Nh4 Bxd5 20. exd5 Nf5 {
Nazarov,V (2230)-Kutsebeshchenko,A Kazan 2000 1-0 (32)}) 6... Nge7 7. d4 Ng6 8.
h4 h5 9. d5 Nb8 10. Bxd7+ Nxd7 11. g3 Be7 12. Be3 Nf6 13. Nbd2 Qd7 14. a4 a5
15. Ng5 Ng4 16. Nc4 Nf8 17. Bd2 f6 18. Nh3 g6 19. f3 Nh6 {
Calzetta Ruiz,M (2150)-Reyes,J (2430) Santa Cruz de Tenerife 1995 1-0 (56)})
5... Nf6 6. d3 $146 (6. O-O Nxe4 7. d4 b5 8. Bb3 Be7 9. Bd5 Bb7 10. Bxe4 d5 11.
Bf5 g6 12. Bg4 h5 13. Nxe5 hxg4 14. Nxg4 Qd7 15. Re1 O-O-O 16. Bf4 Rh4 17. Bg3
Rh5 18. a4 b4 19. c3 a5 20. cxb4 Nxb4 {Hossain-Taher,M Dubai 1996 1-0 (35)})
6... Bg4 (6... g6 7. c3 $11) 7. h3 Bh5 (7... Bxf3 8. Bxc6+ bxc6 9. Qxf3 $11) 8.
c3 Be7 9. Qc2 (9. Be3 O-O $14) 9... O-O (9... Bxf3 $5 10. gxf3 O-O $15) 10. g4
Bg6 11. Nh4 (11. Qe2 Qd7 $11) 11... d5 12. Nxg6 fxg6 13. Bb3 Kh8 14. Be3 $4 (
14. Qe2 $142 d4 15. Nd2 $15) 14... d4 $19 15. Bg5 Ng8 (15... Nd7 $5 16. Bxe7
Qxe7 17. Nd2 $19) 16. Bxe7 Qxe7 (16... Ngxe7 17. Nd2 $19) 17. Nd2 Qh4 (17...
dxc3 18. bxc3 Rad8 19. Nc4 $19) 18. Rh2 (18. O-O-O $142 dxc3 19. Qxc3 Rxf2 20.
Kb1 $17) 18... Nh6 $19 19. Nf1 (19. Qd1 Rad8 20. Nf3 Qf6 $19) 19... Rf4 (19...
Rf3 $5 20. O-O-O Raf8 21. Nd2 Nxg4 22. Nxf3 Rxf3 23. Rg2 Nxf2 24. Rd2 Nxh3 25.
Kb1 $19) 20. O-O-O Raf8 21. Rd2 $4 (21. Bd5 Rxf2 22. Rxf2 Rxf2 23. Qb3 dxc3 24.
bxc3 Qxh3 25. Qxb7 $19) 21... Rf3 22. Bd5 (22. Qd1 Rxh3 23. f3 Rxh2 (23...
Rfxf3 $143 24. Qxf3 Rxf3 25. Rxh4 Rxf1+ 26. Rd1 $16) 24. Rxh2 Qe7 $19) 22...
Rxh3 23. Rxh3 (23. g5 Rxh2 24. Nxh2 Qxg5 $19 (24... Qxh2 $143 25. gxh6 Qxh6 26.
Kb1 dxc3 27. Qxc3 $19)) 23... Qxh3 24. Bxc6 (24. Ng3 Nxg4 25. Bxc6 bxc6 26.
cxd4 h5 27. dxe5 h4 $19) 24... bxc6 (24... Qxf1+ $142 25. Rd1 Rxf2 26. Qb3 $19)
25. Rd1 (25. Ng3 Nxg4 26. cxd4 $19) 25... Nxg4 26. cxd4 (26. Nd2 Nxf2 27. Rf1
dxc3 28. Qxc3 Qxd3 $19) 26... Nxf2 27. Qc5 Nxd3+ 28. Rxd3 Qxf1+ (28... Rxf1+
$142 29. Kc2 Qg2+ 30. Kb3 Qxe4 31. Rd2 $19) 29. Kc2 (29. Rd1 Qf4+ 30. Kb1 Qxe4+
31. Ka2 $19) 29... Rf2+ 30. Rd2 Rxd2+ 31. Kxd2 Qf2+ 32. Kc1 (32. Kd3 Qxd4+ 33.
Qxd4 exd4 34. Kxd4 Kg8 $19) 32... Qe1+ 33. Kc2 Qxe4+ 34. Kc1 (34. Kb3 Qf3+ 35.
Kc4 exd4 36. Qxd4 h5 $19) 34... Qf4+ 35. Kc2 exd4 36. Qxc6 h5 37. Qxg6 Qf3 38.
Qxa6 h4 39. Qc8+ Kh7 40. Qxc7 d3+ 41. Kb1 Qe4 42. Qd8 (42. Ka2 d2 43. Qd8 Qc4+
44. Ka1 Qc1+ 45. Ka2 d1=Q 46. Qxd1 Qxd1 47. a4 Qxa4+ 48. Kb1 h3 49. Kc1 g5 50.
Kd2 h2 51. Ke3 h1=Q 52. b4 Qxb4 53. Ke2 g4 54. Kd3 g3 55. Ke2 g2 56. Kd3 g1=Q
57. Kc2 Qd1#) 42... d2+ 43. Ka1 (43. Ka2 Qc4+ 44. Ka1 Qc1+ 45. Ka2 d1=Q 46.
Qxd1 Qxd1 47. a4 Qxa4+ 48. Kb1 h3 49. Kc1 h2 50. Kd2 g6 51. Kd3 h1=Q 52. b4
Qxb4 53. Ke2 g5 54. Ke3 g4 55. Kd3 g3 56. Ke2 g2 57. Kd3 g1=Q 58. Kc2 Qd1#)
43... Qe1+ 44. Ka2 d1=Q 45. Qg5 (45. Qxd1 Qxd1 46. a4 Qxa4+ 47. Kb1 g6 48. Kc1
h3 49. Kd2 h2 50. Kd3 h1=Q 51. b4 Qxb4 52. Ke2 g5 53. Ke3 g4 54. Kd3 g3 55. Ke2
g2 56. Kd3 g1=Q 57. Kc2 Qd1#) 45... Qb1+ (45... Qe6+ 46. Qd5 Qexd5+ 47. b3
Q5xb3#) 46. Kb3 Qg3+ (46... Qg3+ 47. Qxg3 hxg3 48. Kc4 Qf5 49. b3 g2 50. Kc3
g1=Q 51. Kb2 Qgf2+ 52. Ka1 Qf6+ 53. Kb1 Q2b2#) (46... Qd3+ 47. Ka4 Qc4+ 48. b4
Qa6+ 49. Kb3 Qb1+ 50. Kc3 Qad3#) 0-1

[Event "Burnaby Open"]
[Site "?"]
[Date "1970.06.07"]
[Round "5"]
[White "Bailey, B."]
[Black "Krzyzowski, E."]
[Result "1-0"]
[WhiteElo "1755"]
[BlackElo "2022"]
[Annotator "Stockfish 13 (15s)"]
[PlyCount "27"]
[EventDate "1970.??.??"]

{E94: King's Indian: Classical: 6 Be2 e5 7 0-0: Various Black 7th moves} 1. e4
g6 2. d4 Bg7 3. c4 d6 4. Nc3 Nf6 5. Nf3 O-O 6. Be2 Nbd7 7. O-O e5 8. d5 a5 9.
b3 Ne8 (9... Nh5 10. Nd2 Nf4 11. Bb2 f5 12. a3 Nf6 13. b4 Bh6 14. f3 c6 15. Kh1
cxd5 16. Nxd5 N6xd5 17. cxd5 axb4 18. axb4 Rxa1 19. Bxa1 Nxg2 20. Kxg2 Qg5+ 21.
Kh1 Qxd2 22. Qxd2 Bxd2 23. b5 Be3 24. Kg2 {
Kunin,P (2188)-Prates,F (2265) playchess.com INT 2004 1-0 (35)}) 10. Qc2 (10.
a3 f5 11. Bb2 f4 12. b4 g5 13. Nd2 Ndf6 14. h3 Rf7 15. c5 Bf8 16. Nc4 h5 17.
Bd3 Rg7 18. cxd6 cxd6 19. bxa5 g4 20. h4 g3 21. fxg3 fxg3 22. Qf3 Nh7 23. Qxh5
Rg4 24. Rxf8+ Nxf8 {Feoktistov,A (2395)-Vorobiov,E (2475) Moscow 1998 0-1 (46)}
) 10... f5 $146 (10... h6 11. Bb2 f5 12. exf5 gxf5 13. Rad1 Nc5 14. a3 f4 15.
Nd2 Bf5 16. Nde4 Nf6 17. Bf3 Qe8 18. Rfe1 Qg6 19. Ra1 Kh8 20. b4 Ncxe4 21. Nxe4
axb4 22. axb4 Rxa1 23. Bxa1 Ra8 24. Bc3 h5 25. Qe2 {
Mate,B (2218)-Szabo,G (2250) Hungary 1999 0-1 (37)}) (10... Nc5 $142 $5 $11)
11. exf5 $16 gxf5 12. Ng5 (12. Bg5 $142 $5 Ndf6 13. Rae1 $16) 12... Nc5 $11 13.
Re1 (13. f4 $142 $11) 13... f4 $4 (13... h6 $142 14. Ne6 Bxe6 15. dxe6 c6 $17)
14. Qxh7# 1-0

[Event "Burnaby Open"]
[Site "?"]
[Date "1970.06.07"]
[Round "6"]
[White "Rasmussen, O."]
[Black "Bailey, B."]
[Result "0-1"]
[WhiteElo "1863"]
[BlackElo "1755"]
[Annotator "Stockfish 13 (15s)"]
[PlyCount "124"]
[EventDate "1970.??.??"]

{A00: Irregular Openings} 1. Nh3 (1. e4 $5 e6 2. d4 $11) 1... e5 2. e4 (2. c4
d5 3. cxd5 Bxh3 4. gxh3 Qxd5 $15) 2... Nf6 (2... d5 3. exd5 Bxh3 4. gxh3 Qxd5
5. Rg1 $17) 3. d3 (3. Nc3 Bc5 $17) 3... Nc6 (3... d5 4. Ng5 $17) 4. c3 (4. c4
$5 $17) 4... d5 5. exd5 (5. Nd2 Bc5 $17) 5... Qxd5 6. Ng5 Bc5 (6... h6 7. Nf3
Bf5 8. Be3 $19) 7. Qf3 $2 (7. Nd2 $142 $15) 7... Qxf3 $19 8. gxf3 h6 (8... Nd5
$142 $5 $19) 9. Ne4 $17 Be7 10. Nxf6+ Bxf6 11. Nd2 Be6 12. Ne4 (12. h4 $5 $17)
12... Be7 13. Be3 $2 (13. h4 f5 14. Ng3 g6 $19) 13... O-O-O (13... f5 $5 14.
Nc5 Bd5 15. Nb3 $19) 14. Be2 $2 (14. Nc5 $142 Bxc5 15. Bxc5 $17) 14... f5 $19
15. Nc5 Bf7 16. Nb3 g5 (16... a5 17. Bc5 Bf6 18. Nd2 $19) 17. O-O-O $6 (17. Bc5
Bf6 $19) 17... a5 (17... f4 18. Bd2 a5 19. Kb1 $19) 18. Kb1 b6 (18... a4 19.
Nc1 $19) 19. Nc1 (19. Bc1 Bf6 $19) 19... Kb7 20. h3 Bf6 (20... f4 $142 21. Bd2
$19) 21. Rhg1 $2 (21. h4 f4 22. hxg5 hxg5 $19 (22... fxe3 $6 23. gxf6 exf2 24.
Nb3 $15)) 21... Ne7 22. Bf1 (22. d4 f4 23. dxe5 Bxe5 24. Bd4 $19) 22... Ng6 {
Black plans f4} 23. Be2 Nh4 24. c4 (24. Rgf1 Rhe8 25. Nb3 a4 $19) 24... c5 (
24... Bh5 25. Rgf1 $19) 25. a4 (25. Bd2 Be8 26. Kc2 Bc6 $19) 25... f4 (25...
Be8 $142 26. Bd2 Bxa4 27. Rde1 $19) 26. Bd2 Bh5 27. Bc3 Bxf3 28. Rge1 (28. Kc2
Kc6 $19) 28... Bxe2 (28... Bc6 29. Bh5 Bxa4 30. Rd2 $19) 29. Rxe2 (29. Nxe2 Nf3
30. Rf1 Kc6 $19) 29... Rhe8 (29... Nf3 30. Re4 $19) 30. Kc2 (30. Ree1 Nf3 31.
Rh1 Kc6 $19) 30... Nf3 31. Nb3 (31. Re4 Rd6 $19) 31... Re7 (31... e4 $142 32.
dxe4 Rxd1 33. Kxd1 Bxc3 34. bxc3 Ng1 $19) 32. Nd2 Nxd2 33. Rdxd2 (33. Kxd2 Kc7
$19) 33... Kc6 34. f3 h5 35. Rg2 (35. Re1 Rg8 $19) 35... Rg8 36. Rd1 Kd6 37.
Re1 Rg6 38. Reg1 Ke6 39. Re2 (39. Be1 Rd7 $19) 39... Kf5 {
Black prepares the advance g4} 40. Reg2 (40. Rh2 Reg7 41. Kb3 g4 42. hxg4+ hxg4
43. Rh5+ Ke6 44. fxg4 Rxg4 $19) 40... Reg7 41. Kd1 (41. Re2 $19) 41... g4 42.
hxg4+ hxg4 43. fxg4+ Rxg4 44. Rxg4 Rxg4 45. Rxg4 (45. Re1 $19) 45... Kxg4 46.
Ke2 f3+ 47. Kf1 Kf4 48. Bd2+ Kf5 49. Bc3 Bh4 50. Bd2 e4 51. dxe4+ Kxe4 52. b3
Bd8 (52... Kd3 $142 53. Bf4 Bd8 $19) 53. Kf2 Kd3 54. Bf4 Kc3 55. Kxf3 Kxb3 56.
Ke2 Kxc4 57. Kd2 Kb4 58. Be5 Kxa4 59. Kc2 b5 60. Bd6 c4 61. Kc3 Bf6+ 62. Kc2 b4
0-1

[Event "Boeing 30/30"]
[Site "?"]
[Date "1970.07.07"]
[Round "2"]
[White "Murray, M."]
[Black "Bailey, B."]
[Result "1/2-1/2"]
[WhiteElo "2103"]
[BlackElo "1755"]
[Annotator "Stockfish 12 (20s)"]
[PlyCount "76"]
[EventDate "1970.??.??"]

{C56: Two Knights: 4 d4 exd4 5 0-0 Nxe4} 1. e4 e5 2. Bc4 Nf6 3. Nf3 Nc6 4. d4
d6 5. Ng5 d5 6. exd5 Nxd4 7. d6 Be6 8. Nxe6 Nxe6 9. Bxe6 fxe6 10. dxc7 Qxc7 11.
O-O Bd6 12. Nc3 a6 13. Bg5 $146 (13. Re1 Rd8 14. Qe2 h6 15. Ne4 Nxe4 16. Qxe4
O-O 17. Qg4 Rf6 18. c3 Bc5 19. Be3 Rdf8 20. Rf1 Qb6 21. Qg3 Bxe3 22. Qxe3 Qxb2
23. f3 Rg6 24. Qf2 Qxc3 25. Rac1 Qb4 26. Rfd1 Qa3 27. Rc7 e4 {
Kovarova,L-Kilianova,J Valtice 1992 0-1 (33)}) 13... O-O-O 14. Qe2 h6 (14...
Qc6 $142 $14) 15. Bxf6 $4 (15. Bh4 $142 $16) 15... gxf6 $17 16. Ne4 Be7 17.
Rad1 f5 18. Nd2 e4 19. Qc4 Rd6 20. Qxc7+ Kxc7 21. Nc4 Rxd1 (21... Rdd8 $5 22.
Rfe1 h5 $17) 22. Rxd1 Rd8 23. Rxd8 Bxd8 24. Kf1 Bf6 25. c3 b5 26. Ne3 Kd6 27.
Ke2 (27. Nc2 Bg5 28. Ke2 Bc1 $11) 27... h5 (27... Ke5 28. Nc2 Be7 29. Ne3 $15)
28. g3 $11 Bg7 29. Kd1 Bf6 30. Kc2 Kc5 31. b3 Be5 (31... Kd6 $5 $15) 32. Ng2
$11 b4 33. cxb4+ Kxb4 34. Ne3 (34. Nf4 $5 $11) 34... Bd4 35. Nd1 Ka3 36. Kb1
Kb4 37. Kc2 Ka3 38. Kb1 Kb4 1/2-1/2

[Event "Boeing 30/30"]
[Site "?"]
[Date "1970.07.14"]
[Round "3"]
[White "Fosha, A."]
[Black "Bailey, B."]
[Result "0-1"]
[WhiteElo "100"]
[BlackElo "1755"]
[Annotator "Stockfish 12 (15s)"]
[PlyCount "52"]
[EventDate "1970.??.??"]

{D27: Queen's Gambit Accepted: Classical main line: 7 e4!? and 7 a4} 1. d4 d5
2. c4 dxc4 3. Nf3 Nf6 4. e3 e6 5. Bxc4 c5 6. O-O a6 7. Nc3 b5 8. Be2 Bb7 9.
dxc5 Bxc5 10. Qxd8+ Kxd8 11. Ne5 (11. Bd2 Nbd7 12. Rfb1 {
1/2-1/2 (12) Spassky,B (2590)-Portisch,L (2630) Thessaloniki 1984}) 11... Ke7
12. Rd1 (12. Nd3 Bd6 13. f3 Nc6 14. Rd1 Rhd8 15. e4 Nd4 16. Bf1 Nd7 17. Bd2 e5
18. Rac1 Nb6 19. Ne2 Nxe2+ 20. Bxe2 Nc4 21. Be1 Ne3 22. Rd2 Rac8 23. Bf2 Rxc1+
24. Nxc1 Bc5 25. Rxd8 Kxd8 26. Nb3 Bb6 {
Kraai,J (2443)-Ibragimov,I (2635) San Diego 2006 1/2-1/2 (43)}) 12... Nc6 $146
(12... Nbd7 13. Nxd7 Nxd7 14. b3 Rhd8 15. Bb2 Nf6 16. Bf3 Bxf3 17. gxf3 Rac8
18. Rxd8 Rxd8 19. Rd1 b4 20. Rxd8 bxc3 21. Bxc3 Kxd8 22. Kf1 Kd7 23. Ke2 Kc6
24. Kd3 Nd5 25. Bxg7 Nb4+ 26. Kc4 Nxa2 27. h4 {
Frehde,R-Balkiewicz,E Germany 1998 0-1 (36)}) 13. Nd3 Bb6 (13... Bd6 14. e4 b4
15. Na4 $11) 14. Bf3 (14. a4 Na5 $16) 14... Ra7 (14... Na5 15. a4 Bxf3 16. gxf3
$14) 15. b3 Rd8 16. Ba3+ Ke8 17. Bc5 (17. Bb2 Kf8 $16) 17... Rxd3 (17... Bxc5
$142 $5 18. Nxc5 Ba8 $11) 18. Bxb6 $16 Rxd1+ 19. Rxd1 Ra8 20. Rd6 (20. Kf1 $142
$5 $16) 20... Rc8 $11 21. a4 $4 (21. Bxc6+ $142 Bxc6 22. Ba5 $11) 21... bxa4
$19 22. Nxa4 $2 (22. bxa4 Nd7 23. Bxc6 Bxc6 24. Ba5 $19) 22... Ne5 23. Nc5 (23.
Be2 Bd5 24. Nc5 Ke7 25. Bxa6 Ra8 $19) 23... Nxf3+ (23... Bxf3 $5 24. gxf3 Nd5
25. f4 Nf3+ 26. Kf1 Nxb6 27. Nxe6 $19) 24. gxf3 Bxf3 25. h3 (25. b4 Ke7 26. Rd4
Nd5 $19) 25... a5 (25... Ke7 $142 26. Rd3 Nd5 27. Rxd5 Bxd5 28. Nxa6 Rc6 29.
Bc5+ Ke8 $19) 26. Bxa5 (26. Nd3 Ra8 27. Rd4 $19) 26... Rxc5 (26... Rxc5 27.
Rd8+ Ke7 $19) 0-1

[Event "Seafair Open"]
[Site "?"]
[Date "1970.08.01"]
[Round "1"]
[White "Bailey, B."]
[Black "Parsons, R."]
[Result "0-1"]
[WhiteElo "1759"]
[BlackElo "1996"]
[Annotator "Stockfish 12 (15s)"]
[PlyCount "60"]
[EventDate "1970.??.??"]

{B56: Classical Sicilian: Unusual Lines} 1. e4 c5 2. Nf3 Nc6 3. d4 cxd4 4. Nxd4
Nf6 5. Nc3 d6 6. Bb5 Bd7 7. O-O e6 8. Re1 Be7 9. f4 $146 (9. Bf1 a6 10. Nb3 O-O
11. Be3 b5 12. Nd2 Na5 13. h3 Bc6 14. f4 Nb7 15. a3 Nc5 16. Bd3 Qc7 17. Bxc5
dxc5 18. e5 Nd5 19. Nxd5 Bxd5 20. c4 bxc4 21. Nxc4 Rfd8 22. Qe2 a5 23. Red1 Rd7
{Wagner,H-Reinhardt,E Altona 1932 1/2-1/2 (31)}) (9. Nxc6 Bxc6 10. Bf4 O-O 11.
Qd2 Bxb5 12. Nxb5 d5 13. exd5 Nxd5 14. Be5 a6 15. Nd4 Rc8 16. Rad1 Bf6 17. Nf3
Qb6 18. b3 Be7 19. c4 Bb4 20. Qb2 Bxe1 21. cxd5 Bxf2+ 22. Qxf2 Qxf2+ 23. Kxf2
Rc2+ {Naiditsch,A (2641)-Slaby,J (2441) Warsaw 2005 1-0 (56)}) (9. Bxc6 bxc6
10. e5 dxe5 11. Nf3 Qc7 (11... O-O 12. Bg5 h6 13. Bxf6 Bxf6 14. Qe2 Qc7 15. Ne4
Be7 16. Ng3 f6 17. h4 Rad8 18. h5 Be8 19. Nh4 Rd4 20. Ng6 Bxg6 21. hxg6 Rfd8
22. c3 Rd2 23. Qc4 R8d3 24. b4 Qb6 25. Rf1 f5 26. a4 {
Kubien,J (2255)-Bednarski,J (2380) Wroclaw 1981 0-1 (31)}) 12. Qe2 Bd6 13. Nxe5
O-O 14. h3 Bc8 15. Na4 Bb7 16. c4 c5 17. Nc3 a6 18. b3 Rfd8 19. Bg5 Be7 20. Ng4
Qc6 21. f4 Rd3 22. Ne5 Rxc3 23. Nxc6 Bxc6 {
Fernandez Torre,I (2185)-Arias Garcia,D (1872) Trevias 2006 1-0}) (9. a4 O-O
$11) 9... Qc7 (9... Nxd4 10. Bxd7+ Qxd7 11. Qxd4 $15) 10. Kh1 O-O 11. Nf3 a6
12. Bd3 b5 (12... Nb4 13. a3 Nxd3 14. cxd3 $15) 13. e5 Ng4 14. Qe2 Nb4 15. exd6
Qxd6 (15... Bxd6 $143 16. Bxh7+ Kxh7 17. Ng5+ Kg8 18. Qxg4 $14) 16. Bxh7+ (16.
Be4 $5 Bc6 17. a3 $15) 16... Kxh7 $17 17. Ne4 Qd5 (17... Qb6 $142 18. Nfg5+ Kg8
19. Qxg4 f6 $17) 18. Nfg5+ $2 (18. a3 $142 Nxc2 19. Neg5+ Kg8 20. Qxc2 $17)
18... Kg8 $19 19. Qxg4 $2 (19. a3 f6 20. axb4 fxg5 21. Qxg4 gxf4 22. Bd2 $19)
19... f6 (19... Nxc2 $142 20. Rd1 Qf5 $19) 20. Nc3 (20. Rd1 $142 $5 Qf5 21.
Qxf5 exf5 22. Rxd7 Nxc2 23. Rxe7 fxe4 24. Rb1 fxg5 25. Rxe4 $11) 20... Qc4 $17
21. Nxe6 Rf7 22. Qe2 $4 (22. Qf3 $142 Re8 23. b3 $17) 22... Bxe6 $19 23. Qxe6 (
23. a4 Qxe2 24. Rxe2 Bc4 $19) 23... Nxc2 24. Nd5 (24. Qxc4 bxc4 25. Bd2 Nxa1
26. Rxa1 Bc5 $19) 24... Bf8 25. b3 (25. Be3 Nxe1 26. Rxe1 Rd8 27. Nxf6+ gxf6
28. Qxc4 bxc4 $19) 25... Qc8 26. Rb1 (26. Qxc8 Rxc8 27. Be3 Nxe1 28. Rxe1 Rd8
$19) 26... Nxe1 27. Qxe1 (27. Nxf6+ gxf6 28. Qxe1 Qf5 $19) 27... Qf5 28. Nc3 (
28. Be3 Qxd5 29. Qf1 Re7 $19) 28... b4 29. Ne4 (29. Bb2 Re7 30. Qg1 bxc3 31.
Bxc3 Rc8 $19) 29... Re7 30. Nxf6+ gxf6 (30... gxf6 31. Be3 Rxe3 $19) 0-1